الكتب القانونية النادرة فى ج.ع.م.

Saved in:

Format: Book

Language: Undetermined

Published: Cairo dar alearab 1970-1971

Tags: Add Tag

No Tags, Be the first to tag this record!

Call Number: B30 KUTU

LEADER 00303nam a2200109Ia 4500
008 240404s9999||||xx |||||||||||||| ||und||
050 4 |a B30 KUTU 
245 1 0 |a الكتب القانونية النادرة فى ج.ع.م. 
264 1 |a Cairo  |b dar alearab   |c 1970-1971 
300 |a 32  |c 24 
942 |2 lcc  |c BK 
999 |c 57969  |d 57969